Which Is Larger? Quiz Stats

 Plays Quiz Updated Jul 2, 2018

Score 0/16 Timer 03:00
5 Plays Today
Possible Answers Guess “1” or “2” % Correct
1) The Atlantic Ocean or 2) The Pacific Ocean????
87.3%
1) The United States or 2) Canada????
84.1%
1) Ireland or 2) Madagascar????
82.5%
1) Greenland or 2) South America????
80.3%
1) North America or 2) South America????
75.6%
1) France or 2) The US state of Texas????
74.8%
1) Haiti or 2) The Dominican Republic????
71.4%
1) The Amazon rainforest or 2) The Great Barrier Reef????
69.3%
Possible Answers Guess “1” or “2” % Correct
1) The 'Big Island' of Hawaii or 2) The rest of the Hawaiian Islands combined????
66.6%
New Zealand's 1) North Island or 2) South Island????
62.9%
1) The Arctic Ocean or 2) The Southern Ocean????
57.9%
1) Lesotho or 2) eSwatini????
52.8%
1) North Korea or 2) South Korea????
51.8%
1) Colorado or 2) Wyoming????
50%
1) The Sahara Desert or 2) Europe????
43.2%
1) Lake Erie or 2) Lake Ontario? (surface area)???
40.5%

You're not logged in!

Compare scores with friends on all Sporcle quizzes.
OR
Log In

Sporcle TV

Today on Sporcle TV


Watch our educational content, quiz creation guides, and fun videos on Sporcle TV.

Show Comments

Extras

Top Quizzes Today


Score Distribution

Your Account Isn't Verified!

In order to create a playlist on Sporcle, you need to verify the email address you used during registration. Go to your Sporcle Settings to finish the process.

Report this User

Report this user for behavior that violates our Community Guidelines.

Details: